000 00361nam a2200145Ia 4500
008 231217s9999 xx 000 0 und d
041 _aEnglish
082 _a510.02462 RAM;1 R
100 _aRamana, B V
245 0 _aEngineering mathematics
260 _c2004
_bTMH
_aNew Delhi
300 _axxxiv+I-14
650 _aEngineering,mathematics
942 _cAA
999 _c171894
_d171894